000 00829nam a22002417a 4500
005 2010080306446.0
010 _aENG-97932
020 _c350.00
_a9789380599182
035 _aEN-81465
037 _bDBAD/PUB
082 _a001.422
100 _aGiri, Prasant Kumar
_95700
245 _aStatical tools and techniques /
_cby Prasanta Kumar Giri [and] Jiban Banerjee
250 _a2nd ed.
260 _aKolkata
_bAcademic Publishers
_c2010
270 _a131B, Acarya Jagdis Chandra Bose Road,
_bKolkata
_e700014
300 _a543 p.
_c25cm (Pbk)
650 _aStatistics
_95701
700 _94162
_aBanerjee, Jiban
700 _95587
942 _2ddc
_cEN
_h001.422
_mGIR
999 _c39108
_d39108